000
00291nam a22001097a 4500
008
160505b xxu||||| |||| 00| 0 eng d
020
_a
0721677274
041
_a
eng
080
_a
61
245
_a
Christensen hematologic problems of the neonate:
_c
Robert D. Christensen M. D.;
942
_2
udc
_c
BK
999
_c
1815
_d
1815